Представление документа в формате MARC21

Поле Инд. ПП Название Значение
Тип записи a
Библиографический уровень b
001 Контрольный номер RU/IS/BASE/184943079
005 Дата корректировки 20200522190938.2
008 Кодируемые данные 20051110
084 a Индекс другой классификации/Индекс ББК 26.9(4Пор)
100 1_ a Автор Карельский А.
245 a Заглавие Страна трех "Ф"
650 a Основная рубрика науки о Земле
a Основная рубрика страноведение
653 a Ключевые слова Европа
a Ключевые слова Лиссабон
a Ключевые слова население
a Ключевые слова национальные парки
a Ключевые слова национальные традиции
a Ключевые слова Португалия
773 t Заглавие источника GEO
d Дата издания источника 2005
g Прочая информация № 11. - С. 46 - 62
w Контрольный № источника RU/IS/BASE/183652289
901 t Тип документа b